Trouvez l'acteur ou l'actrice...11 - Statistiques

Statistiques générales
  • Ce quiz a été pris 109 fois
  • Le résultat moyen est 7 sur 15
Statistiques - réponses
Films / Séries Acteurs / Actrices % Correct
Inception - One upon a time...in Hollywood - L'homme au masque de fer Leonardo di Caprio
90%
Edward aux mains d'argent - Charlie et la chocolaterie - Alice au Pays des Merveilles Johnny Depp
87%
Médium - La La Land - The amazing Spider-Man Emma Stone
52%
Panic room - Blanche Neige et le chasseur - Twilight, chapitre I: fascination Kristen Stewart
51%
Big little lies - Kramer contre Kramer - Sur la route de Madison Meryl Streep
49%
Palace - Huitième jour - Lucie Aubrac Daniel Auteuil
46%
Philadelphia - USS Alabama - L'attaque du métro 123 Denzel Washington
42%
Paris brûle-t-il? - Le milliardaire - Jean de Florette Yves Montand
41%
La plage - Huit femmes - La doublure Virginie Ledoyen
40%
Marche à l'ombre - Le goût des autres - Camping Gérard Lanvin
38%
Vénus beauté (institut) - Le retour de Martin Guerre - Rive droite, rive gauche Nathalie Baye
38%
Zazie dans le métro - Poil de carotte - Ripoux contre ripoux Philippe Noiret
36%
Mulholland drive - King Kong - Le cercle Naomi Watts
30%
Le quai des brumes - Si Paris nous était conté - La symphonie pastorale Michèle Morgan
24%
Le bal des casse-pieds - Péril en la demeure - La grande bouffe Michel Piccoli
14%
Aucun quiz correspondant
Distribution des résultats
% des personnes avec chaque résultat
Percentile par nombre de réponses
Votre historique - résultats
Vous n’avez pas pris ce quiz